| 000 | 00390nam a2200145Ia 4500 | ||
|---|---|---|---|
| 008 | 240729s9999 xx 000 0 und d | ||
| 022 | _a2300-1941 | ||
| 245 | 0 | _aMetrology and Measurement Systems | |
| 260 | _aPoland | ||
| 260 | _bPolish Academy of Sciences | ||
| 650 | _aTechnology | ||
| 856 | _uhttps://doaj.org/toc/d6315a65d35f4b21854064055b37ddae | ||
| 942 | _2ddc | ||
| 942 | _cDOAJEJ | ||
| 999 |
_c69778 _d69778 |
||
| 945 |
_a1 _bMadushi Gamage _c1 _dMadushi Gamage |
||